000 00719nam a22002057a 4500
005 20240618133833.0
008 220727b ||||| |||| 00| 0 eng d
020 _a8122004466
040 _cAloy
041 _aHin
082 _223
_aH891.4
_bSIMK
100 _aNirmal Kumar Simh: निर्मल कुमार सिंह
_9171130
245 _aKhara saty: ek CBI afsar ke samsaran
_bएक सीबीआई अफसर के संस्मरण
260 _aDilli
_bKonark Publishers
_c1996
300 _avii,250p.
_bHB
_c28x14cm.
365 _2Hindi
_b200.00
_c
_d200.00
650 _aHindi Prose: हिंदी गध्य
_953460
700 _aSIMH (Nirmal Kumar)
_953461
942 _2ddc
_cGF
999 _c224221
_d224221